Normal view
MARC view
- Muhammad Toufeeq
Entry Personal Name
001 - CONTROL NUMBER
- control field: 3523
003 - CONTROL NUMBER IDENTIFIER
- control field: NUST
005 - DATE AND TIME OF LATEST TRANSACTION
- control field: 20170721114925.0
008 - FIXED-LENGTH DATA ELEMENTS
- fixed length control field: 170721|| aca||aabn | a|a d
040 ## - CATALOGING SOURCE
- Original cataloging agency: NUST
- Transcribing agency: NUST
100 ## - HEADING--PERSONAL NAME
- Personal name: Muhammad Toufeeq
670 ## - SOURCE DATA FOUND
- Source citation: Work cat.: (NUST): Toufeeq, Muhammad 3521, Urdu safar namy ka gul -e khud rou- Muhammad Toufeeq/, 2005
